MARC details
| 000 -LEADER |
| fixed length control field |
02697cam a2200553 a 4500 |
| 001 - CONTROL NUMBER |
| control field |
966210 |
| 003 - CONTROL NUMBER IDENTIFIER |
| control field |
ARRUPE |
| 005 - DATE AND TIME OF LATEST TRANSACTION |
| control field |
20140130140702.0 |
| 008 - FIXED-LENGTH DATA ELEMENTS--GENERAL INFORMATION |
| fixed length control field |
910522m19901991miu b 001 0aeng |
| 010 ## - LIBRARY OF CONGRESS CONTROL NUMBER |
| LC control number |
89037059 |
| 020 ## - INTERNATIONAL STANDARD BOOK NUMBER |
| International Standard Book Number |
0879074507 (v. 1) |
| 020 ## - INTERNATIONAL STANDARD BOOK NUMBER |
| International Standard Book Number |
087907650X (v. 1 : pbk.) |
| 020 ## - INTERNATIONAL STANDARD BOOK NUMBER |
| International Standard Book Number |
0879074213 (v. 2) |
| 020 ## - INTERNATIONAL STANDARD BOOK NUMBER |
| International Standard Book Number |
0879077212 (pbk. : v. 2) |
| 020 ## - INTERNATIONAL STANDARD BOOK NUMBER |
| International Standard Book Number |
0879074221 (v. 3) |
| 020 ## - INTERNATIONAL STANDARD BOOK NUMBER |
| International Standard Book Number |
0879076224 (pbk. : v. 3) |
| 035 ## - SYSTEM CONTROL NUMBER |
| System control number |
(OCoLC)20524286 |
| 035 ## - SYSTEM CONTROL NUMBER |
| System control number |
(OCoLC)ocm20524286 |
| 035 ## - SYSTEM CONTROL NUMBER |
| System control number |
(CStRLIN)NYCG91-B52326 |
| 035 ## - SYSTEM CONTROL NUMBER |
| System control number |
(NNC)966210 |
| 040 ## - CATALOGING SOURCE |
| Original cataloging agency |
DLC |
| Transcribing agency |
DLC |
| Modifying agency |
DLC |
| -- |
NNC |
| 041 0# - LANGUAGE CODE |
| Language code of text/sound track or separate title |
englat |
| 043 ## - GEOGRAPHIC AREA CODE |
| Geographic area code |
e-be--- |
| 050 00 - LIBRARY OF CONGRESS CALL NUMBER |
| Classification number |
BV5059.B42 |
| Item number |
G26 1990 |
| 082 00 - DEWEY DECIMAL CLASSIFICATION NUMBER |
| Classification number |
271/.97 |
| -- |
B |
| Edition number |
20 |
| 300 ## - PHYSICAL DESCRIPTION |
| Dimensions |
23cm. |
| 100 1# - MAIN ENTRY--PERSONAL NAME |
| Personal name |
Ganck, Roger de, |
| Dates associated with a name |
1908- |
| 9 (RLIN) |
7361 |
| 245 10 - TITLE STATEMENT |
| Title |
Beatrice of Nazareth : |
| Remainder of title |
a three volume study / |
| Statement of responsibility, etc |
by Roger de Ganck. |
| 260 ## - PUBLICATION, DISTRIBUTION, ETC. (IMPRINT) |
| Place of publication, distribution, etc |
Kalamazoo, Mich. : |
| Name of publisher, distributor, etc |
Cistercian Publications, |
| Date of publication, distribution, etc |
1990-1991. |
| 300 ## - PHYSICAL DESCRIPTION |
| Extent |
xv, 342p.; |
| 490 1# - SERIES STATEMENT |
| Series statement |
v. 1: Cistercian Fathers series ; |
| Volume number/sequential designation |
no. 50 |
| 490 1# - SERIES STATEMENT |
| Series statement |
v. 2-3: Cistercian studies series ; |
| Volume number/sequential designation |
no. 121-122 |
| 500 ## - GENERAL NOTE |
| General note |
"The Life of Beatrice, translated into English, and two volumes of studies on her significance and place along [sic] religious women ... of the thirteenth century, form a single continuous study. Volumes two and three of this work (the study proper) have therefore continuous pagination; the bibliography and indices for the first two chapters of Volume One (the Life of Beatrice) and for volumes two and three will appear at the end of volume three"--Pref., v. 2, p. v. |
| 504 ## - BIBLIOGRAPHY, ETC. NOTE |
| Bibliography, etc |
Includes bibliographical references and indexes. |
| 505 0# - FORMATTED CONTENTS NOTE |
| Formatted contents note |
v. 1. Beatrice of Nazareth : a thirteenth century biography / translated by Roger de Ganck -- [v. 2] Beatrice of Nazareth in her context -- [v. 3] Towards unification with God : Beatrice of Nazareth in her context : v. 2, pt. 3. |
| 600 00 - SUBJECT ADDED ENTRY--PERSONAL NAME |
| Personal name |
Beatrijs, |
| Titles and other words associated with a name |
van Tienen, |
| Dates associated with a name |
approximately 1200-1268. |
| 9 (RLIN) |
7362 |
| 650 #0 - SUBJECT ADDED ENTRY--TOPICAL TERM |
| Topical term or geographic name as entry element |
Nuns |
| Geographic subdivision |
Belgium |
| -- |
Flanders |
| Form subdivision |
Biography |
| -- |
Early works to 1800. |
| 9 (RLIN) |
7363 |
| 650 #0 - SUBJECT ADDED ENTRY--TOPICAL TERM |
| Topical term or geographic name as entry element |
Mystics |
| Geographic subdivision |
Belgium |
| -- |
Flanders |
| Form subdivision |
Biography |
| -- |
Early works to 1800. |
| 9 (RLIN) |
7364 |
| 650 #0 - SUBJECT ADDED ENTRY--TOPICAL TERM |
| Topical term or geographic name as entry element |
Theology |
| Form subdivision |
Early works to 1800. |
| 9 (RLIN) |
7365 |
| 650 #0 - SUBJECT ADDED ENTRY--TOPICAL TERM |
| Topical term or geographic name as entry element |
Asceticism |
| General subdivision |
History |
| Chronological subdivision |
Middle Ages, 600-1500. |
| 9 (RLIN) |
7366 |
| 650 #0 - SUBJECT ADDED ENTRY--TOPICAL TERM |
| Topical term or geographic name as entry element |
Theology |
| General subdivision |
History |
| Chronological subdivision |
Middle Ages, 600-1500. |
| 9 (RLIN) |
7367 |
| 730 02 - ADDED ENTRY--UNIFORM TITLE |
| Uniform title |
Vita Beatricis. |
| Language of a work |
English & Latin. |
| Date of a work |
1990. |
| 9 (RLIN) |
7368 |
| 740 02 - ADDED ENTRY--UNCONTROLLED RELATED/ANALYTICAL TITLE |
| Uncontrolled related/analytical title |
Beatrice of Nazareth : a thirteenth century biography |
| 740 01 - ADDED ENTRY--UNCONTROLLED RELATED/ANALYTICAL TITLE |
| Uncontrolled related/analytical title |
Beatrice of Nazareth in her context. |
| 740 01 - ADDED ENTRY--UNCONTROLLED RELATED/ANALYTICAL TITLE |
| Uncontrolled related/analytical title |
Towards unification with God. |
| 830 #0 - SERIES ADDED ENTRY--UNIFORM TITLE |
| Uniform title |
Cistercian studies series ; |
| Volume number/sequential designation |
no. 121, etc. |
| 9 (RLIN) |
7369 |
| 830 #0 - SERIES ADDED ENTRY--UNIFORM TITLE |
| Uniform title |
Cistercian Fathers series ; |
| Volume number/sequential designation |
no. 50. |
| 9 (RLIN) |
7370 |
| 942 ## - ADDED ENTRY ELEMENTS (KOHA) |
| Source of classification or shelving scheme |
Library of Congress Classification |
| Koha item type |
Monograph ( Printed materials) |